[Event "Vukovar Srijem CupT 6th"]
[Site "Tompojevci"]
[Date "2013.03.08"]
[Round "1.4"]
[White "Radmanovic, Danijel"]
[Black "Gutic, Stjepan"]
[Result "1-0"]
[WhiteElo "1994"]
[BlackElo "1820"]
[PlyCount "57"]
[EventDate "2013.03.08"]
[EventType "team-swiss"]
[EventRounds "5"]
[EventCountry "CRO"]
[SourceTitle "EXT 2014"]
[Source "ChessBase"]
[SourceDate "2013.11.20"]
[SourceVersion "1"]
[SourceVersionDate "2013.11.20"]
[SourceQuality "1"]
[WhiteTeam "Borovo Vukovar"]
[BlackTeam "Komletinci"]
[WhiteTeamCountry "CRO"]
[BlackTeamCountry "CRO"]

1. e4 c5 2. d4 cxd4 3. c3 dxc3 4. Nxc3 a6 5. Nf3 e6 6. Bc4 Bc5 7. 0-0 Ne7 8. Qe2 0-0 9. Rd1 Ng6 10. e5 Nc6 11. Ne4 Be7 12. Nd6 Qc7 13. Bd3 Ncxe5 14. Nxe5 Bxd6 15. Nxg6 fxg6 16. g3 Bc5 17. Be3 Bxe3 18. Qxe3 Qd8 19. Rac1 Qf6 20. Qb6 h5 21. h4 g5 22. hxg5 Qxg5 23. Rc5 Qg4 24. Re1 h4 25. Rc4 Qg5 26. Rxh4 a5 27. Qd6 Ra6 28. Bh7+ Kh8 29. Qxf8# 1-0